000 00612nam a2200205Ii 4500
003 JO-AjNU
008 230605s9999||||xx |||||||||||||| ||und||
040 _aJO-AjNU
_bara
_erda
_cJO-AjNU
041 _aara
050 1 4 _aPJ7826 2004
100 3 _aتأليف خرتش،فيصل,
_eauthor
_918254
245 0 0 _aمقهى القصر: رواية
250 _aط1
264 3 1 _aدمشق:وزارة الثقافة،2004
300 _a173ص
336 _atext
_btxt
_2rdacontent
337 _aunmediated
_bn
_2rdamedia
338 _avolume
_bnc
_2rdacarrier
650 4 _aالأدب العربي - روايات
_918255
999 _aA5802
_c9370
_d9370